000 00847nam a22003370a 4500
001 PT52419
003 AR-LpoUNG
005 20210131231518.0
008 191001s2010||||ag |||||||||||||||||spa d
020 _a9789870414230
_c$5
040 _aAR-LpoUNG
_bspa
_cAR-LpoUNG
_eaacr
041 _aspa
044 _aag
082 0 _aA863 117fin
100 1 _aHeker, Liliana
245 1 3 _aEl fin de la historia
250 _a2da. ed.
260 _aBuenos Aires :
_bAlfaguara,
_cmarzo 2010.
300 _a232 p. :
_bil.
650 4 _aARGENTINA
650 4 _aDICTADURA
650 4 _aGOBIERNO MILITAR
650 4 _aLITERATURA
650 4 _aNOVELAS
651 4 _aDOCUMENTOS TEORICOS O METODOLOGICOS
653 _aDESAPARECIDOS
653 _aLITERATURA ARGENTINA
653 _aTERRORISMO DE ESTADO
905 _a52419
942 _cLSALA
999 _c10447
_d10447